| 000 | 00705nam a2200205Ia 4500 | ||
|---|---|---|---|
| 999 |
_c39446 _d39446 |
||
| 001 | 6037 | ||
| 003 | GE_BSU | ||
| 005 | 20190912114049.0 | ||
| 008 | 181216s1973||||ge |||||||||||||| ||geo|| | ||
| 040 | _cGE_BSU | ||
| 041 | _ageo | ||
| 080 | _a821.353.1-32 ა-30 | ||
| 100 |
_aავალიანი, ლადო _93908 |
||
| 245 |
_aმუხის ჭია / _cლადო ავალიანი ; რედ. ნ. ხომერიკი. |
||
| 264 |
_aთბილისი : _bმერანი ; _c1973. |
||
| 300 |
_a730 გვ. ; _c15 სმ. |
||
| 653 | _aმუხის ჭია | ||
| 700 |
_aხომერიკი, ნ. _eრედაქტორი _91720 |
||
| 942 |
_cBK _2udc |
||